|
|
|
|
| LEADER |
00000nam2a2200000 4500 |
| 001 |
183501 |
| 005 |
20231031171534.0 |
| 035 |
|
|
|a (RuTPU)RU\TPU\book\198914
|
| 090 |
|
|
|a 183501
|
| 100 |
|
|
|a 20100727d1964 km y0rusy5003 ca
|
| 101 |
0 |
|
|a rus
|
| 102 |
|
|
|a RU
|
| 105 |
|
|
|a a z 001zy
|
| 200 |
0 |
|
|a Т. 1: Стратиграфия
|
| 210 |
|
|
|d 1964
|
| 215 |
|
|
|a 515 с.
|c ил.
|
| 320 |
|
|
|a Библиогр.: с. 497-511.
|
| 461 |
|
1 |
|0 (RuTPU)RU\TPU\book\197117
|t Геология Байкальской горной области
|o в 2 т.
|f Л. И. Салоп
|g Всесоюзный научно-исследовательский геологический институт (ВСЕГЕИ)
|v Т. 1: Стратиграфия
|d 1964-1967
|
| 610 |
1 |
|
|a геология
|
| 610 |
1 |
|
|a Сибирь
|
| 610 |
1 |
|
|a Байкальская горная область
|
| 610 |
1 |
|
|a стратиграфия
|
| 610 |
1 |
|
|a геологические объекты
|
| 610 |
1 |
|
|a формирование
|
| 675 |
|
|
|a 55(571.53)
|z rus
|v 3
|
| 801 |
|
0 |
|a RU
|b RuMRKP
|c 19950417
|g psbo
|
| 801 |
|
1 |
|a RU
|b 63413507
|c 20100727
|
| 801 |
|
2 |
|a RU
|b 63413507
|c 20141025
|g RCR
|
| 942 |
|
|
|c BK
|